[Event "World Team-ch Open 2019"]
[Site "Astana"]
[Date "2019.03.13"]
[Round "8.19"]
[White "Fawzy, Adham"]
[Black "Kazhgaleyev, Murtas"]
[Result "1-0"]
[WhiteElo "2461"]
[BlackElo "2587"]
[Annotator "TA"]
[PlyCount "75"]
[EventDate "2019.02.05"]
[EventType "team-tourn"]
[EventCountry "KAZ"]
[SourceTitle "playchess.com"]
[Source "ChessBase"]
[SourceQuality "1"]
[WhiteTeam "Egypt"]
[BlackTeam "Kazakhstan"]
[WhiteTeamCountry "EGY"]
[BlackTeamCountry "KAZ"]

{[%evp 17,75,0,0,-46,-18,-40,14,0,29,-27,-26,-30,12,19,16,-19,27,19,8,7,2,-31,0,0,0,-50,9,0,0,0,0,0,0,-9,-6,0,-12,-9,43,-178,-185,-178,-168,-170,0,0,0,0,550,545,992,978,877,616,2020,1957,29978,29978,29995,29996]} 1. e4 e6 2. d4 d5 3. Nc3 Bb4 4. exd5 exd5 5. Bd3 Nf6 6. Nge2 O-O 7. Bg5 h6 {C01: French: Exchange Variation} 8. Bh4 Re8 9. O-O c6 {LiveBook: 9 Games. The position is equal.} 10. f4 (10. f3 Nbd7 11. Qd2 Nf8 12. Rae1 Bd6 13. Bg3 Ng6 14. Bxd6 Qxd6 15. Bxg6 fxg6 {1-0 (39) Aronian,L (2767)-Caruana,F (2822) chess.com INT 2018}) 10... Be7 $146 ({Predecessor:} 10... Bg4 11. h3 Bxe2 12. Nxe2 Nbd7 13. Ng3 Bf8 14. Bf5 Qc7 {0-1 (117) Bueno,A (2306)-Cubas,J (2537) Blumenau 2013}) 11. Re1 b5 (11... Nbd7 $15) 12. Ng3 $11 Na6 13. Nh5 (13. h3 $142) 13... Nxh5 $1 14. Qxh5 Nc7 15. Bxe7 Rxe7 16. Re5 Bd7 17. Rae1 Rxe5 18. Qxe5 Ne8 19. a4 {[%cal Ra4b5]} a6 20. Qe7 Qc8 21. a5 Nf6 ({Black should try} 21... Qc7 $1 $15) 22. Qd6 Bf5 23. Bxf5 Qxf5 24. Qxc6 Rf8 25. Rf1 Re8 26. Qxa6 b4 27. Nb5 $1 Qe4 (27... Qxc2 $11 28. Nd6 Rf8) 28. h3 $2 (28. Nd6 $14 {stays ahead.} Qxd4+ 29. Kh1) 28... Qe3+ $1 $19 29. Kh2 {[#] And now Nd6 would win.} Qd2 $1 {( -> ...Re2)} 30. Rf3 {[#] Nd6 is the strong threat.} Re2 $2 ({Better is} 30... Re6 $1 $19 {[%cal Re6a6]} 31. Nd6 Kh7) 31. Rg3 $1 $11 {Strongly threatening Qxf6.} Qxf4 32. Nd6 $1 $36 {[%mdl 2048] Black is under pressure.} ({Don't blunder} 32. Qd6 $2 Qf1 $19) 32... Re3 $2 {[%mdl 8192]} (32... Re6 $11 33. Qc8+ Kh7 34. Nxf7 Re8) 33. Qc8+ $18 Ne8 34. Nf5 Re2 35. a6 Kh7 36. a7 Re1 37. a8=Q Qf2 {[#]} 38. Rxg7+ $1 {Precision: White = 35%, Black = 35%.} 1-0

[Event "World Team-ch Open 2019"]
[Site "Astana"]
[Date "2019.03.13"]
[Round "8.20"]
[White "Makhnev, Denis"]
[Black "Hesham, Abdelrahman"]
[Result "1-0"]
[WhiteElo "2476"]
[BlackElo "2450"]
[Annotator "TA"]
[PlyCount "125"]
[EventDate "2019.02.05"]
[EventType "team-tourn"]
[EventCountry "KAZ"]
[SourceTitle "playchess.com"]
[Source "ChessBase"]
[SourceQuality "1"]
[WhiteTeam "Kazakhstan"]
[BlackTeam "Egypt"]
[WhiteTeamCountry "KAZ"]
[BlackTeamCountry "EGY"]

{[%evp 22,125,33,33,42,36,31,27,50,55,65,67,83,44,56,43,41,33,42,22,45,0,0,0,0,0,37,25,70,63,135,133,132,80,80,80,160,159,147,152,150,155,156,157,162,154,310,254,425,425,426,426,426,424,424,422,422,419,428,418,439,439,439,436,431,436,485,496,471,438,514,511,515,511,560,554,624,624,1167,1141,1083,1062,1060,937,1762,1434,1956,1679,2130,2027,6448,4779,4779,4779,6111,6373,5525,4779,3134,2070,29983,29983,29983,29974,29969,29969]} 1. d4 d5 2. c4 e6 3. Nf3 Nf6 4. g3 Bb4+ 5. Bd2 Be7 6. Bg2 O-O 7. O-O Nbd7 8. Qc2 c6 9. Bf4 b6 10. Nc3 Bb7 11. Rfd1 Rc8 12. Ne5 Nxe5 {E08: Closed Catalan: Main Line: 7 Qc2} (12... Nh5 13. Bd2 a6 14. e4 dxc4 15. Nxc4 b5 16. Ne3 c5 17. d5 c4 18. a4 Qb6 19. axb5 axb5 20. Ne2 {½-½ (54) Cheparinov,I (2709)-Karjakin,S (2753) St Petersburg 2018}) 13. dxe5 Nd7 14. cxd5 cxd5 {White has an edge.} 15. e4 d4 16. Rxd4 {Black must now prevent Qd2.} Bc5 17. Rd3 $146 ({Predecessor:} 17. Rd2 Bc6 18. Qd1 Qc7 19. a3 a5 20. Qh5 {½-½ (58) Milchev,N (2356)-Vidal del Rio,D (2146) Ourense 2008}) 17... Bc6 18. Qe2 b5 {Threatens to win with ...b4.} 19. a3 a5 20. Rd2 Qb6 21. a4 (21. Na2 {is more complex.} b4 22. axb4 axb4 23. Nc1 Bb5 24. Qe1) 21... bxa4 $1 22. Nxa4 Bxa4 23. Rxa4 Nb8 (23... Bxf2+ $5 24. Kh1 (24. Qxf2 Rc1+ 25. Bf1 Rxf1+ {[%mdl 64] Remove Defender, Decoy} 26. Kxf1 Qb5+ {[%mdl 64] Double Attack} 27. Kg2 Qxa4 $11) 24... Rc1+ 25. Bf1 Qb7 $11) 24. Bf1 $36 {[%mdl 2048] White has good play.} Nc6 25. Qb5 Rfd8 ({Black should play} 25... Qxb5 $14 26. Bxb5 Ne7) 26. Qxb6 $16 Bxb6 27. Rc4 ({White should try} 27. Rd6) 27... Nd4 {[#]} 28. Kg2 $1 {Hoping for Bg5.} Nb3 (28... Rxc4 $142 29. Bxc4 Rc8) 29. Rd6 Bc5 30. Rd3 Rxd3 31. Bxd3 Rb8 32. Bc2 Bf8 33. Be3 Na1 $2 (33... Nc5 $16 34. Bd4 (34. Bxc5 Rc8 $16) 34... Rb4 35. Rxb4 axb4) 34. Bd1 g6 $2 {[#]} (34... Nb3 {was worth a try.} 35. f4 a4) 35. b4 $1 $18 {[%mdl 512]} axb4 36. Rc1 {[%mdl 64] Trapped Piece} b3 {next ...b2 is good for Black.} 37. Rxa1 b2 38. Rb1 Ba3 39. Kf3 Rc8 40. Bb3 Rc1 41. Ba2 Kf8 42. Ke2 Kg7 43. Kd3 Kf8 44. Bd2 Kg7 45. Bc3 Kh6 46. Kc4 Kh5 47. f3 g5 48. h3 h6 49. Kb3 Bc5 50. Bxb2 Rxb1 51. Bxb1 Bf2 52. g4+ Kh4 53. Bc2 Kxh3 54. Kc4 Kg3 55. Bd1 Kf4 56. Kd3 Bb6 57. Ke2 Bc7 58. Kf2 Bb6+ 59. Kg2 Be3 60. Ba4 h5 61. gxh5 {White mates.} g4 62. fxg4 Kxg4 63. Be8 {Accuracy: White = 84%, Black = 37%.} 1-0